| 000 | 00488nam a22001937a 4500 | ||
|---|---|---|---|
| 003 | NUST-PNEC | ||
| 005 | 20170114142505.0 | ||
| 008 | 140429b xxu||||| |||| 00| 0 eng d | ||
| 020 | _a2892891418 | ||
| 040 | _cPNEC | ||
| 082 | _a621.381 Lab | ||
| 100 |
_959 _aLab-Volt |
||
| 245 |
_aMicrowave Fundamentals (Student Manual) _bStudent Manual 28113-00 _cLab-Volt |
||
| 250 | _a3rd | ||
| 260 |
_aCanada _bLab-Volt Ltd _cc.2000 |
||
| 300 |
_bill. : _c29 cm |
||
| 650 | _xMIS | ||
| 942 |
_2ddc _cBK |
||
| 999 |
_c60027 _d60027 |
||